Estrategias universitarias de incubación social de emprendimientos con enfoque solidario y territorial : fundamentos generales y pedagógicos de una propuesta reaplicable /

Detalles Bibliográficos
Autor principal: García, Daniel Alejandro (Autor)
Formato: Electrónico eBook
Lenguaje:español
Publicado: Bogotá, Colombia : Ediciones Universidad Cooperativa de Colombia, [2025]
Colección:Colección ODS (Ediciones Universidad Cooperativa de Colombia)
Materias:
Acceso en línea:Digitalia Hispánica

MARC

LEADER 00000nam a2200000Ii 4500
001 DIGUCOCOL0154
003 NyNyDIG
006 m o d
007 cr |||||||||||
008 250617s2025 ck a ob 000 0 spa d
035 |a (OCoLC)1525188751 
040 |a DGITA  |b eng  |e rda  |e pn  |c DGITA 
020 |a 9789587605648  |q (pdf) 
020 |a 9789587605655  |q (ePub) 
020 |z 9789587605631  |q (impreso) 
024 7 |a https://doi.org/10.16925/9789587605655 
041 0 |a spa  |b spa  |b eng 
050 1 4 |a HD2340.8 ebook 
100 1 |a García, Daniel Alejandro,  |e author. 
245 1 0 |a Estrategias universitarias de incubación social de emprendimientos con enfoque solidario y territorial :  |b fundamentos generales y pedagógicos de una propuesta reaplicable /  |c autores, Daniel Alejandro García [and 14 others]. 
264 1 |a Bogotá, Colombia :  |b Ediciones Universidad Cooperativa de Colombia,  |c [2025] 
300 |a 1 online resource :  |b illustrations. 
336 |a text  |b txt  |2 rdacontent 
337 |a computer  |b c  |2 rdamedia 
338 |a online resource  |b cr  |2 rdacarrier 
347 |a text file  |2 rdaft 
347 |b PDF 
490 1 |a Colección ODS 
504 |a Includes bibliographical references. 
546 |a Text in Spanish with abstract in Spanish and English. 
588 0 |a Online resource; title from PDF title page (Digitalia, viewed June 17, 2025) 
650 0 |a Informal sector (Economics)  |x Study and teaching (Higher) 
650 0 |a Social economy  |x Study and teaching (Higher) 
650 0 |a Subsistence economy  |x Study and teaching (Higher) 
776 0 8 |i Print version:  |a García, Daniel Alejandro.  |t Estrategias universitarias de incubación social de emprendimientos con enfoque solidario y territorial.  |d Bogotá, Colombia : Ediciones Universidad Cooperativa de Colombia, [2025]  |z 9789587605631 
791 2 |a Digitalia (Firm),  |e distributor. 
793 0 |g Digitalia eBook Collection:  |a Ediciones Universidad Cooperativa de Colombia 
830 0 |a Colección ODS (Ediciones Universidad Cooperativa de Colombia) 
856 4 0 |3 Digitalia Hispánica  |u https://www.digitaliapublishing.com/a/175357/ 
910 |a Premium collection: 2025